000 00621nam a2200121 a 4500
008 160429s2015 ||||||||||||||||| || u
050 _aUNECE(02)2015/7
110 _aUnited Nations Economic Commission for Europe (UNECE)
245 1 0 _aRegulatory and procedural barriers to trade in kygyzstan: needs assessment
_cby United nations economic commission for Europe
260 _aNew york and Geneva
_bUnited Nations Economic Commission for Europe (UNECE)
_c2015
300 _a228p.: ill.
995 _FCBU-MAIN LIBRARY (Kitwe)
_UAVAILABLE
_WJan 30, 2019
_ZInternational Publications
999 _c55965
_d55965